Geometría /

Guardado en:
Autor Principal: Repetto, Celina H.
Formato: Libro
Publicado: Buenos Aires : Kapleusz, 1957
Edición:11a. ed.
Materias:
Etiquetas: Agregar Etiqueta
Sin Etiquetas, Sea el primero en etiquetar este registro!
LEADER 00519nam a22001815a 4500
001 CEM.cems005397
005 20060220000000.0
008 130507s1957##################000#0#####d
003 CEMS
082 0 4 |a 513 
100 1 |a Repetto, Celina H. 
245 1 0 |a Geometría / 
250 |a 11a. ed. 
260 |a Buenos Aires :  |b Kapleusz,  |c 1957 
300 |a 111 p. 
653 |a Matematica 
859 |a CEMS  |b BIB. CEMS - 11 de abril  |h 513  |i R299-2a11/II  |p 6083.77  |t Ej.1 
859 |a CEMS  |b BIB. CEMS - 11 de abril  |h 513  |i R299-2a11/II  |p 6101.77  |t Ej.2